National Anthem of Fiji - "Meda Dau Doka" - Statistics

General Stats
  • This quiz has been taken 9 times
  • The average score is 7 of 65
Answer Stats
Answer % Correct
dau
100%
doka
100%
Meda
100%
dau
33%
e
33%
ka
33%
Me
33%
me
33%
me
33%
me
33%
me
33%
na
33%
vanua,
33%
vinakata
33%
biu
0%
bula
0%
ca.
0%
e
0%
ga
0%
ga
0%
gauna
0%
i
0%
i
0%
i
0%
ira
0%
ka
0%
ki
0%
kina
0%
kina
0%
ko
0%
ko
0%
liu,
0%
liuliu,
0%
liutaki
0%
na
0%
na
0%
na
0%
na
0%
na
0%
na
0%
na
0%
na
0%
ni
0%
oti
0%
ra
0%
ra
0%
ra
0%
rawa
0%
sa
0%
sautu
0%
savasava,
0%
savasava.
0%
tamata
0%
tawa
0%
tiko
0%
toro
0%
tovo
0%
tovo
0%
tu
0%
turaga
0%
veika
0%
veilomani,
0%
vinaka
0%
vinaka,
0%
Viti
0%
No matching quizzes found
Score Distribution
Percent of People with Each Score
Percentile by Number Answered
Your Score History
You have not taken this quiz